Rekultivace území postižených těžbou nerostných surovin
Salvato in:
| Autore principale: | |
|---|---|
| Natura: | Libro |
| Lingua: | ceco |
| Pubblicazione: |
Praha :
SNTL,
1981
|
| Tags: |
Nessun Tag, puoi essere il primo ad aggiungerne!!
|
MARC
| LEADER | 00000nam a22000003a 4500 | ||
|---|---|---|---|
| 001 | stu161678 | ||
| 005 | 20150617225955.5 | ||
| 008 | 080418s1981----cs------------------cze-d | ||
| 040 | |a STU |b slo | ||
| 041 | 0 | |a cze | |
| 044 | |a cs | ||
| 080 | |a 502.2.25 | ||
| 080 | |a 614.7 | ||
| 080 | |a 711.2.025 | ||
| 100 | 1 | |a Štýs, Stanislav |4 aut | |
| 245 | 1 | |a Rekultivace území postižených těžbou nerostných surovin | |
| 260 | |a Praha : |b SNTL, |c 1981 | ||
| 300 | |a 678 s | ||
| 996 | |b 284V040116 |c V*21108/O-8227 |l VVS |s A |a 24 |w stu161678_0001 | ||
| 996 | |b 284V040117 |c V*21109/O-8227a |l VVS |s A |a 24 |w stu161678_0002 | ||
| 996 | |b 284V035997 |c V*21146/O-8240 |l VVS |s A |a 24 |w stu161678_0003 | ||